El grabado en madera (Record no. 9834)

MARC details
000 -CABECERA
campo de control de longitud fija 00877nam a2200265 a 4500
001 - NÚMERO DE CONTROL
campo de control BRL_1022
005 - FECHA Y HORA DE LA ÚLTIMA TRANSACCIÓN
campo de control 20190320211011.0
008 - DATOS DE LONGITUD FIJA--INFORMACIÓN GENERAL
campo de control de longitud fija 311013c1954----mx-a######---#000-0#spa-#
041 ## - CÓDIGO DE LENGUA
Código de lengua del texto/banda sonora o título independiente spa
044 ## - CÓDIGO DEL PAÍS DE LA ENTIDAD EDITORA/PRODUCTORA
Código MARC del país mx
050 #4 - SIGNATURA TOPOGRÁFICA DE LA BIBLIOTECA DEL CONGRESO
Número de clasificación NE1030
Número de documento/Ítem .W47 1954
100 1# - ENTRADA PRINCIPAL--NOMBRE DE PERSONA
Nombre de persona Westheim, Paul
Fechas asociadas al nombre 1886-1963
9 (RLIN) 25605
245 10 - MENCIÓN DE TÍTULO
Título El grabado en madera
Mención de responsabilidad, etc. por Paul Westhein ; traducción de Mariana Frenk.
260 ## - PUBLICACIÓN, DISTRIBUCIÓN, ETC.
Lugar de publicación, distribución, etc. México
Nombre del editor, distribuidor, etc. FCE
Fecha de publicación, distribución, etc. 1954
300 ## - DESCRIPCIÓN FÍSICA
Extensión 297 p.
Otras características físicas il.
Dimensiones 17 cm.
440 #0 - MENCIÓN DE SERIE/PUNTO DE ACCESO ADICIONAL--TÍTULO
Título Breviarios del Fondo de Cultura Económica
Designación de volumen o secuencia 95
9 (RLIN) 25606
500 ## - NOTA GENERAL
Nota general Incluye índice de ilustraciones e índice de capitulares y viñetas
500 ## - NOTA GENERAL
Nota general Incluye dedicatoria para Ruth Lechuga
500 ## - NOTA GENERAL
Nota general La biblioteca cuenta con 2 ejemplares
500 ## - NOTA GENERAL
Nota general ej.1 Au1123, ej.2 Au2122
650 14 - PUNTO DE ACCESO ADICIONAL DE MATERIA--TÉRMINO DE MATERIA
Término de materia o nombre geográfico como elemento de entrada Grabado en madera
Subdivisión general Historia
9 (RLIN) 7363
700 1# - PUNTO DE ACCESO ADICIONAL--NOMBRE DE PERSONA
Nombre de persona Frenk, Mariana
Término indicativo de función/relación tr.
9 (RLIN) 25607
902 ## - CATALOGADOR
Iniciales GRL
942 ## - ELEMENTOS DE PUNTO DE ACCESO ADICIONAL (KOHA)
Fuente del sistema de clasificación o colocación Library of Congress Classification
Tipo de ítem Koha Libros
Holdings
Estado de retiro Estado de pérdida Estado dañado No para préstamo Localización permanente Ubicación/localización actual Fecha de adquisición Total de préstamos Signatura topográfica completa Código de barras Fecha visto por última vez Precio válido a partir de Tipo de ítem Koha
El ejemplar forma parte de la colección y puede ser consultado según las políticas vigentes.       Biblioteca Centro de Estudios Ruth D. Lechuga Biblioteca Centro de Estudios Ruth D. Lechuga 31/10/2013   NE1030 .W47 1954 GRL01101 22/03/2019 22/03/2019 Libros
El ejemplar forma parte de la colección y puede ser consultado según las políticas vigentes.       Biblioteca Centro de Estudios Ruth D. Lechuga Biblioteca Centro de Estudios Ruth D. Lechuga 07/01/2016   NE1030 .W47 1954 GRL01818 22/03/2019 22/03/2019 Libros